| 000 | 00514nam a22001817a 4500 | ||
|---|---|---|---|
| 005 | 20220715130023.0 | ||
| 008 | 220715b ||||| |||| 00| 0 eng d | ||
| 040 | _cAL | ||
| 041 | _aEnglish | ||
| 082 |
_223 _a782.421642 _bJAIO |
||
| 100 |
_aJaya Jaitly _949894 |
||
| 245 | _aOtherside:Journal of Socialist thought and action | ||
| 260 |
_aNew Delhi _bPratipaksh prakashan _c2010 |
||
| 300 |
_a64 p. _bPB _c22x17 cm. |
||
| 650 |
_aChallenge of China _949895 |
||
| 700 |
_aJAYA (Jaitly) _949896 |
||
| 942 |
_2ddc _cGF |
||
| 999 |
_c223823 _d223823 |
||